| 000 | 00900nam a22002537a 4500 | ||
|---|---|---|---|
| 003 | DO-SdBNP | ||
| 005 | 20240717101728.0 | ||
| 008 | 171030b 2001 |||| |||| 00| 0 spa d | ||
| 020 | _a8481302651 | ||
| 040 |
_aBMPHU _bspa _cBMPHU |
||
| 082 | 4 |
_aM860.6 _bR935p 2001 _222 |
|
| 100 | 1 |
_aRulfo, Juan _d1918-1986 |
|
| 245 | 1 | 0 |
_aPedro Páramo / _cJuan Rulfo ; prólogo Jorge Volpi |
| 260 |
_a[s. n.] : _bBiblioteca del Mundo, _c2001. |
||
| 300 |
_a95 p. ; _c22 cm. |
||
| 490 | 0 |
_aBiblioteca el mundo, _v22 |
|
| 500 | _aIncluye datos biográficos del autor en la solapa de la cubierta | ||
| 590 | _8Inventariado, 2021/VM | ||
| 600 | 1 | 4 |
_aRulfo, Juan, _tPedro Páramo _d1918-1986 _xCrítica e interpretación. |
| 600 | 1 | 4 |
_aRulfo, Juan, _tPedro Páramo _d1918-1986 _xAnálisis literario. |
| 700 | 1 |
_aVolpi, Jorge, _eprólogo |
|
| 910 | _aVMateo V. Control de caliad. BPMSU | ||
| 942 |
_2ddc _cBK |
||
| 999 |
_c12713 _d12713 |
||